000 00561nmm a2200169Ia 4500
008 251105s9999||||xx |||||||||||||||||und||
020 _a8479088443
041 _aspa
100 _aSt. Clair Segurado, Eva María
245 0 _aExpulsión y exilio de la provincia jesuita mexicana (1767-1820)
264 _a[Madrid, España] :
_bPublicaciones de la Universidad de Alicante,
_c2005
300 _a492 páginas
490 _aHistoria
650 _aHistory of the Americas: Latin America
856 _uhttps://public.digitaliapublishing.com/a/648
942 _cCF
999 _c73643
_d73643